Countries with the Most Summer Olympics Medals - Sudden Death - Statistics

General Stats
  • This quiz has been taken 285 times
  • The average score is 7 of 15
Answers on the Grid
Answers color-coded by a green-red scale on the quiz's grid according to % correct below.
Albania
Argentina
Australia
Austria
Belgium
Brazil
Canada
Chile
China
Colombia
Cuba
Czechoslovakia
Dominican Republic
East Germany
Finland
France
Germany
Great Britain
Hungary
India
Italy
Japan
Mexico
Netherlands
New Zealand
Poland
Portugal
Romania
Russia
South Korea
Soviet Union
Spain
Sweden
Thailand
United States
Yugoslavia
 
Answer Stats
Answer % Correct
United States
82%
Germany
67%
China
65%
Australia
62%
Great Britain
62%
Russia
62%
Soviet Union
62%
France
60%
Japan
45%
Italy
39%
Canada
32%
East Germany
32%
Netherlands
20%
Hungary
12%
Sweden
8%
No matching quizzes found
Score Distribution
Percent of People with Each Score
Percentile by Number Answered
Your Score History
You have not taken this quiz